00860nam a22002657a 45000010005000000030006000050050017000110080041000280200018000690400029000870500011001160820013001271000033001402450085001732500022002582600035002803000045003155050007003605200117003675210019004845210018005036500020005216500020005417000033005614721FISKH20250731134059.0240925b cb ||||| |||| 00| 0 eng d a9780590438803 aFISKHbengcFISKHdFISKH aPZ8.M2 2398.2452 aMcGovern, Annd(1930–2015) aAesop's fables / cretold by Ann Mcgovern Inside illustrations by A.J. McClaskey aPublished in 1963 aNew York :bScholastic,c1963. a78 pages :bColor illustrations ;c20cm. aR  aA retelling of over 50 classic Aesop fables, including The fox and the grapes and The donkey in the lion's skin.8 a780L bLexile 8 aR bRaz-Plus  2GreeceaAnimals 2FablesaFantasy aMcClaskey, A.J.dIllustrator